| 000 | 00790nas a2200265 4500 | ||
|---|---|---|---|
| 001 | BR9500211 | ||
| 003 | BR-BrBNA | ||
| 005 | 20231205093827.0 | ||
| 007 | ta | ||
| 008 | 230509b bl.|||p| |||| 00| 00por d | ||
| 040 |
_aBR-BrBNA _bpor _cBiblioteca Nacional de Agricultura |
||
| 041 | _a(Pt) | ||
| 072 | _aF01 | ||
| 100 | 1 | _aSilveira, E.P. | |
| 100 | 1 | _aAssis, F.N. de | |
| 100 | 1 | _aGoncalves, P.R. | |
| 100 | 1 | _aCastro, J.R. de | |
| 245 | 1 | _aEpoca de semeadura da colza no Sudeste do Rio Grande do Sul | |
| 650 | _aColza | ||
| 650 | _aEpoca de Semeadura | ||
| 650 | _aRio Grande do Sul | ||
| 773 | 0 |
_tPesquisa Agropecuaria Brasileira (Brazil) _xISSN 0100-204X _g(Jul 1992), v. 27(7) p. 1065-1072 _wBR9500211 |
|
| 909 |
_a202311 _bLúcia _c55 _dLúcia Elande |
||
| 942 |
_2AGRIS _n0 _cANA |
||
| 999 |
_c140603 _d140603 |
||